<?xml version="1.0" encoding="UTF-8"?>
<record
    xmlns:xsi="http://www.w3.org/2001/XMLSchema-instance"
    xsi:schemaLocation="http://www.loc.gov/MARC21/slim http://www.loc.gov/standards/marcxml/schema/MARC21slim.xsd"
    xmlns="http://www.loc.gov/MARC21/slim">

  <leader>01665nam a2200421 a 4500</leader>
  <controlfield tag="001">000022819</controlfield>
  <controlfield tag="005">20240305082246.0</controlfield>
  <controlfield tag="008">101118s1989    pr c    r     000 0 spa d</controlfield>
  <datafield tag="040" ind1=" " ind2=" ">
    <subfield code="a">DO-SdBNP</subfield>
    <subfield code="b">spa</subfield>
    <subfield code="c">BNPHU</subfield>
  </datafield>
  <datafield tag="082" ind1=" " ind2=" ">
    <subfield code="a">928.6195</subfield>
    <subfield code="b">M828h</subfield>
  </datafield>
  <datafield tag="100" ind1="1" ind2=" ">
    <subfield code="a">Morales Carri&#xF3;n, Arturo</subfield>
    <subfield code="9">46878</subfield>
  </datafield>
  <datafield tag="245" ind1="1" ind2="0">
    <subfield code="a">Arturo Morales Carri&#xF3;n :</subfield>
    <subfield code="b">homenaje al historiador y humanista, ensayos de historia y literatura de Puerto Rico y el Caribe.</subfield>
  </datafield>
  <datafield tag="260" ind1=" " ind2=" ">
    <subfield code="a">San Juan, Puerto Rico :</subfield>
    <subfield code="b">Centro de Estudios Avanzados de Puerto Rico y el Caribe,</subfield>
    <subfield code="c">1989.</subfield>
    <subfield code="e">Santo Domingo :</subfield>
    <subfield code="f">Corripio</subfield>
  </datafield>
  <datafield tag="300" ind1=" " ind2=" ">
    <subfield code="a">302 p. :</subfield>
    <subfield code="b">retrs. ;</subfield>
    <subfield code="c">23 cm.</subfield>
  </datafield>
  <datafield tag="504" ind1=" " ind2=" ">
    <subfield code="a">Incluye referencias bibliogr&#xE1;ficas y notas al pie de las p&#xE1;ginas.</subfield>
  </datafield>
  <datafield tag="600" ind1="1" ind2="0">
    <subfield code="a">MORALES CARRI&#xD3;N, ARTURO,</subfield>
    <subfield code="d">1913-1989</subfield>
    <subfield code="9">46879</subfield>
  </datafield>
  <datafield tag="650" ind1=" " ind2="4">
    <subfield code="a">Historiadores</subfield>
    <subfield code="z">Puerto Rico</subfield>
    <subfield code="x">Biograf&#xED;as</subfield>
    <subfield code="9">46880</subfield>
  </datafield>
  <datafield tag="700" ind1="1" ind2=" ">
    <subfield code="a">Rivera Qui&#xF1;ones, Eladio</subfield>
    <subfield code="9">46881</subfield>
  </datafield>
  <datafield tag="700" ind1="1" ind2=" ">
    <subfield code="a">Torrech, Rafael</subfield>
    <subfield code="9">46882</subfield>
  </datafield>
  <datafield tag="700" ind1="1" ind2=" ">
    <subfield code="a">Ti&#xF3;, Aurelio</subfield>
    <subfield code="9">21140</subfield>
  </datafield>
  <datafield tag="700" ind1="1" ind2=" ">
    <subfield code="a">Rodr&#xED;guez Bou, Ismael</subfield>
    <subfield code="9">30011</subfield>
  </datafield>
  <datafield tag="700" ind1="1" ind2=" ">
    <subfield code="a">Alegr&#xED;a, Ricardo E.</subfield>
    <subfield code="9">16236</subfield>
  </datafield>
  <datafield tag="700" ind1="1" ind2=" ">
    <subfield code="a">Alvarado Morales, Manuel</subfield>
    <subfield code="9">46883</subfield>
  </datafield>
  <datafield tag="700" ind1="1" ind2=" ">
    <subfield code="a">Gonz&#xE1;lez Vales, Lu&#xED;s</subfield>
    <subfield code="9">46884</subfield>
  </datafield>
  <datafield tag="700" ind1="1" ind2=" ">
    <subfield code="a">P&#xE9;rez Ru&#xED;z, Jos&#xE9; A.</subfield>
    <subfield code="9">46885</subfield>
  </datafield>
  <datafield tag="700" ind1="1" ind2=" ">
    <subfield code="a">Delgado Cintr&#xF3;n, Carmelo</subfield>
    <subfield code="9">46886</subfield>
  </datafield>
  <datafield tag="700" ind1="1" ind2=" ">
    <subfield code="a">D&#xED;az, Luis Edgardo</subfield>
    <subfield code="9">46887</subfield>
  </datafield>
  <datafield tag="700" ind1="1" ind2=" ">
    <subfield code="a">Bab&#xED;n, Mar&#xED;a Teresa</subfield>
    <subfield code="9">39759</subfield>
  </datafield>
  <datafield tag="700" ind1="1" ind2=" ">
    <subfield code="a">Balseiro, Jos&#xE9; A.</subfield>
    <subfield code="9">46888</subfield>
  </datafield>
  <datafield tag="700" ind1="1" ind2=" ">
    <subfield code="a">Marrero, Lev&#xED;</subfield>
    <subfield code="9">46889</subfield>
  </datafield>
  <datafield tag="700" ind1="1" ind2=" ">
    <subfield code="a">Colorado, Antonio J.</subfield>
    <subfield code="9">40663</subfield>
  </datafield>
  <datafield tag="700" ind1="1" ind2=" ">
    <subfield code="a">P&#xE9;rez Mem&#xE9;n, Fernando,</subfield>
    <subfield code="d">1943-</subfield>
    <subfield code="9">38744</subfield>
  </datafield>
  <datafield tag="700" ind1="1" ind2=" ">
    <subfield code="a">Arrillaga Torr&#xE9;ns, Rafael</subfield>
    <subfield code="9">16237</subfield>
  </datafield>
  <datafield tag="700" ind1="1" ind2=" ">
    <subfield code="a">Caro Costa, Aida</subfield>
    <subfield code="9">46890</subfield>
  </datafield>
  <datafield tag="700" ind1="1" ind2=" ">
    <subfield code="a">Torres Oliver, Luis J.</subfield>
    <subfield code="9">46891</subfield>
  </datafield>
  <datafield tag="700" ind1="1" ind2=" ">
    <subfield code="a">Ramos, Demetrio</subfield>
    <subfield code="9">46892</subfield>
  </datafield>
  <datafield tag="049" ind1=" " ind2=" ">
    <subfield code="a">BNGR</subfield>
  </datafield>
  <datafield tag="952" ind1=" " ind2=" ">
    <subfield code="0">0</subfield>
    <subfield code="1">0</subfield>
    <subfield code="5">4</subfield>
    <subfield code="7">0</subfield>
    <subfield code="8">MO</subfield>
    <subfield code="a">GR</subfield>
    <subfield code="b">GR</subfield>
    <subfield code="c">CT</subfield>
    <subfield code="d">2010-11-18</subfield>
    <subfield code="i">LF1</subfield>
    <subfield code="l">0</subfield>
    <subfield code="o">928.6195 M828h</subfield>
    <subfield code="p">22819-10</subfield>
    <subfield code="r">2020-06-25</subfield>
    <subfield code="w">2020-06-25</subfield>
    <subfield code="y">4</subfield>
    <subfield code="Z">Pr&#xE9;stamo en sala</subfield>
  </datafield>
  <datafield tag="999" ind1=" " ind2=" ">
    <subfield code="c">22316</subfield>
    <subfield code="d">22316</subfield>
  </datafield>
</record>
